Statistics for Smallville trivia

Click here to take the quiz!

General Stats

  • This quiz has been taken 720 times
  • The average score is 10 of 16

Answer Stats

HintAnswer% Correct
main characterClark Kent
99%
Clark dates___ in highschoolLana Lang
98%
Clarks primary nemisis in the showLex luthor
97%
Oliver Queens alter egoGreen Arrow
89%
Chloe's cousins name isLois Lane
89%
Clarks childhood best friendPete Ross
77%
How many times has clark lost his powers in the show3
75%
Clarks alien cousinKara
74%
Clark Plays what position on the football team?Quarterback
74%
Oliver Queen is fromStar City
52%
Lana works atThe Talon
47%
Chloe works atThe Torch
42%
name of the assistant football coachJason Teague
39%
How long before Clark and Lois get married7 years
37%
Were meteor freaks are kept33.1
19%
Chloe Lana and Lois all attendMet U
19%

Score Distribution

Percentile by Number Answered

Percent of People with Each Score

Your Score History

You have not taken this quiz